Commonhold (Record no. 103527)
[ view plain ]
| 000 -LEADER | |
|---|---|
| fixed length control field | 01523cam a2200265 4500 |
| 001 - CONTROL NUMBER | |
| control field | ##L125966 |
| 008 - FIXED-LENGTH DATA ELEMENTS--GENERAL INFORMATION | |
| fixed length control field | 040426n2005 000 0 eng u |
| 020 ## - INTERNATIONAL STANDARD BOOK NUMBER | |
| International Standard Book Number | 1853288675 |
| 035 ## - SYSTEM CONTROL NUMBER | |
| System control number | (Sirsi) u125966 |
| 041 0# - LANGUAGE CODE | |
| Language code of text/sound track or separate title | eng |
| 050 04 - LIBRARY OF CONGRESS CALL NUMBER | |
| Classification number | 346.41042 $2 18 |
| 100 1# - MAIN ENTRY--PERSONAL NAME | |
| Personal name | Cowen, Gary |
| 245 00 - TITLE STATEMENT | |
| Title | Commonhold |
| Remainder of title | law and practice |
| 260 ## - PUBLICATION, DISTRIBUTION, ETC. | |
| Place of publication, distribution, etc. | London |
| Name of publisher, distributor, etc. | Law Society |
| Date of publication, distribution, etc. | 2005 |
| 300 ## - PHYSICAL DESCRIPTION | |
| Extent | xxiv, 323p |
| Dimensions | 24cm |
| 350 ## - PRICE (NR) (BK AM CF MU VM SE) [OBSOLETE] | |
| Price | 49.95 |
| 505 2# - FORMATTED CONTENTS NOTE | |
| Formatted contents note | Background to the commonhold legislation -- What is commonhold? -- Setting up a commonhold -- Registration procedures -- Commonhold units -- The commonhold community statement -- Commonhold associations -- Lending on commonhold -- Developer's rights -- Managing a commonhold -- Commonhold and taxes -- Purchasing and owning commonhold land -- Variation of a commonhold -- Bringing a commonhold to an end -- Commonhold the alternative to the leasehold system |
| 520 ## - SUMMARY, ETC. | |
| Summary, etc. | A succinct and authoritative guide to the law and practice of commonhold. Provides practical guidance on the procedure for registration of commonhold land, drafting the commonhold community statement, setting up and running a commonhold association, and termination of commonhold. Reproduces the Commonhold and Leasehold Reform Act 2002 Part I and extracts from supporting regulations and statutory guidance. |
| 590 ## - LOCAL NOTE (RLIN) | |
| Local note | IKA061205 |
| 650 24 - SUBJECT ADDED ENTRY--TOPICAL TERM | |
| Topical term or geographic name entry element | COMMONHOLD AND LEASEHOLD REFORM ACT 2002 |
| 690 ## - LOCAL SUBJECT ADDED ENTRY--TOPICAL TERM (OCLC, RLIN) | |
| Topical term or geographic name as entry element | PROPERTY-COMMONHOLD PROPERTY |
| 700 1# - ADDED ENTRY--PERSONAL NAME | |
| Personal name | Driscoll, James |
| 700 1# - ADDED ENTRY--PERSONAL NAME | |
| Personal name | Target, Laurence |
| 942 ## - ADDED ENTRY ELEMENTS (KOHA) | |
| Suppress in OPAC | 0 |
| Withdrawn status | Lost status | Source of classification or shelving scheme | Damaged status | Not for loan | Home library | Current library | Shelving location | Date acquired | Cost, normal purchase price | Total Checkouts | Full call number | Barcode | Date last seen | Date last checked out | Copy number | Cost, replacement price | Price effective from | Koha item type |
|---|---|---|---|---|---|---|---|---|---|---|---|---|---|---|---|---|---|---|
| Dewey Decimal Classification | London | London | Books | 05/12/2005 | 49.95 | 1 | 346.41042 COW | 30071404 | 06/08/2019 | 06/09/2006 | 1 | 49.95 | 06/08/2019 | Book |